| 000 | 00417nam a22001457a 4500 | ||
|---|---|---|---|
| 008 | 230605b |||||||| |||| 00| 0 eng d | ||
| 040 |
_aNational Science Library _cNational Science Library |
||
| 080 |
_a910.42:954 _bJ8.2 |
||
| 100 |
_aBeal, Samuel _98720 |
||
| 245 | _aChinese accounts in India | ||
| 260 |
_aCalcutta: _bSusil Gupta Limited, _c1958 |
||
| 300 | _a258p. | ||
| 650 | _aGeography. | ||
| 942 |
_2udc _cREF |
||
| 999 |
_c29099 _d29099 |
||